Estudio de la Casación Civil Española : Ley N°1 - 2000 /
Guardado en:
| Autor Principal: | |
|---|---|
| Formato: | Libro |
| Idioma: | Spanish |
| Publicado: |
La Plata :
Editora Platense,
2001.
|
| Edición: | 1° ed. |
| Materias: | |
| Etiquetas: |
Agregar Etiqueta
Sin Etiquetas, Sea el primero en etiquetar este registro!
|
| LEADER | 00524nam a22001695a 4500 | ||
|---|---|---|---|
| 001 | DER.der014538 | ||
| 005 | 20191202095526.0 | ||
| 008 | 191202s2001####ag############000#0#spa#d | ||
| 020 | |a 9505361327 | ||
| 082 | 0 | 4 | |a 347.05 |2 21 |
| 100 | 1 | |a Morello, Augusto M. | |
| 245 | 1 | 0 | |a Estudio de la Casación Civil Española : |b Ley N°1 - 2000 / |c Augusto M. Morello. |
| 250 | |a 1° ed. | ||
| 260 | |a La Plata : |b Editora Platense, |c 2001. | ||
| 300 | |a 233 p. | ||
| 653 | |a Derecho Procesal Civil | ||
| 859 | |a DERECHO |b BIB. DERECHO |h 347.05 |i MOR |k 16 |p 009820 | ||
